Maloobchodní činnost a podmínky jejího provozování

Saved in:
Bibliographic Details
Main Author: Erhart, Otakar
Format: Book
Language:Czech
Published: Praha Merkur 1988
Edition:1. vyd.
Tags: Add Tag
No Tags, Be the first to tag this record!

MARC

LEADER 00000nam a2200000 4500
001 c032424
005 20221219085311.5
041 0 |a cze 
044 |a CZ 
245 1 0 |a Maloobchodní činnost a podmínky jejího provozování  |c Otakar Erhart 
250 |a 1. vyd. 
264 1 |a Praha  |b Merkur  |c 1988 
300 |a 111 s. 
100 1 |a Erhart, Otakar